La revolución armada del Dos de Mayo en Madrid / (Record no. 108734)

MARC details
000 -LEADER
campo de control de longitud fija 00470nam a2200157 4500
001 - NÚMERO DE CONTROL
campo de control 108734
003 - IDENTIFICADOR DE NÚMERO DE CONTROL
campo de control ES-MaACL
007 - CAMPO FIJO DE DESCRIPCIÓN FÍSICA--INFORMACIÓN GENERAL
campo de control de longitud fija t|
008 - DATOS DE LONGITUD FIJA--INFORMACIÓN GENERAL
campo de control de longitud fija 061121s1983 sp r ||||1| spa d
020 ## - NÚMERO INTERNACIONAL ESTÁNDAR DEL LIBRO
Número Internacional Estándar del Libro 84-7090-137-0
100 1# - ENTRADA PRINCIPAL--NOMBRE DE PERSONA
Nombre de persona Montón, Juan Carlos.
9 (RLIN) 82683
245 13 - MENCIÓN DEL TÍTULO
Título La revolución armada del Dos de Mayo en Madrid /
Mención de responsabilidad, etc. Juan Carlos Montón.
260 ## - PUBLICACIÓN, DISTRIBUCIÓN, ETC.
Lugar de publicación, distribución, etc. Madrid :
Nombre del editor, distribuidor, etc. Istmo,
Fecha de publicación, distribución, etc. D. L. 1983.
300 ## - DESCRIPCIÓN FÍSICA
Extensión 332 p. 41 p. de lám. ;
Dimensiones 24 cm.
852 ## - LOCALIZACIÓN
Ubicación ES-MaACL
Número de control de estantería L-8678
Sublocalización o colección R.109273
Holdings
Estatus retirado Estado de pérdida Estado de daño No para préstamo Biblioteca de origen Biblioteca actual Ubicación en estantería Fecha de adquisición Fuente de adquisición Total de préstamos Signatura topográfica completa Código de barras Visto por última vez Precio de reemplazo Tipo de ítem Koha
        Biblioteca del Ateneo de Madrid Biblioteca del Ateneo de Madrid Depósito 2 17/01/2008     L-8678 1113460 23/02/2023 23/02/2023 Libro impreso